Vista normal
Vista MARC
Entrada Materia (personas)
Número de registros utilizados en: 1
001 - CONTROL NUMBER
- control field: 89503
003 - CONTROL NUMBER IDENTIFIER
- control field: Co-BoUCM
005 - DATE AND TIME OF LATEST TRANSACTION
- control field: 20171127112939.0
008 - FIXED-LENGTH DATA ELEMENTS
- fixed length control field: 171127|| aca||aabn | a|a d
040 ## - CATALOGING SOURCE
- Original cataloging agency: Co-BoUCM
- Transcribing agency: Co-BoUCM
100 ## - HEADING--PERSONAL NAME
- Personal name: Chocarro González, Lourdes
670 ## - SOURCE DATA FOUND
- Source citation: Work cat.: (Co-BoUCM)52440: Chocarro González, Lourdes, Procedimientos y cuidados en enfermería médico-quirúrgica, 2006